[Event "Memorial Olexa (open)"]
[Site "masterchessopen.com - Brno (Czech Republic)"]
[Round "2"]
[White "Ondrejat Miroslav (CZE)"]
[Black "Lamser Miroslav (CZE)"]
[Result "1-0"]
[WhiteElo "2134"]
[BlackElo "2078"]

1.Nf3 Nf6 2.d4 c5 3.d5 e6 4.c4 exd5 5.cxd5 d6 6.Nc3 g6 7.e4 Bg7 8.Be2 O-O
9.O-O a6 10.a4 Bg4 11.h3 Bxf3 12.Bxf3 Nbd7 13.Qc2 Re8 14.Bg5 Qc7 15.Rad1 Rab8
16.Be2 c4 17.f4 b5 18.axb5 axb5 19.e5 dxe5 20.fxe5 Qb6+ 21.Kh1 Nxe5 22.d6 Ned7
23.Bf3 h6 24.Bh4 g5 25.Bf2 Qa5 26.Nd5 Nxd5 27.Bxd5 Nf6 28.d7 Red8 29.Bg3 Ra8
30.Rxf6 {#r} 1-0

[Event "Ch Africa (w)"]
[Site "masterchessopen.com - Cairo (Egypt)"]
[Round "5"]
[White "Houli Asma (ALG)"]
[Black "Arouche Farida (ALG)"]
[Result "1/2-1/2"]
[WhiteElo "2083"]
[BlackElo "2077"]

1.d4 Nf6 2.c4 c5 3.d5 e6 4.Nc3 exd5 5.cxd5 d6 6.Nf3 g6 7.e4 Bg7 8.Be2 O-O
9.O-O a6 10.a4 Bg4 11.Bf4 Bxf3 12.Bxf3 Qe7 13.Re1 Nbd7 14.a5 Ne5 15.Bxe5 Qxe5
16.Na4 Nd7 17.Rb1 Rab8 18.b4 Qd4 19.Qxd4 Bxd4 20.bxc5 Nxc5 21.Nxc5 Bxc5 22.e5
b5 23.axb6 Rxb6 24.Rxb6 Bxb6 25.exd6 Rd8 26.Rc1 Rxd6 27.Rc6 Rxc6 28.dxc6 Kf8
29.Be2 a5 30.Bc4 f6 31.Kf1 Ke7 32.Ke2 Kd6 33.Bg8 h6 34.Bh7 Kxc6 35.Bxg6 Kd5
36.f3 {#d} 1/2-1/2

[Event "It (open) \"]
[Site "masterchessopen.com - Cairo (Egypt)"]
[Round "1"]
[White "Ezat Mohamed (EGY)"]
[Black "Mirzoev Azer (AZE)"]
[Result "0-1"]
[WhiteElo "2297"]
[BlackElo "2508"]

1.d4 Nf6 2.c4 e6 3.Nc3 c5 4.d5 exd5 5.cxd5 d6 6.e4 g6 7.Nf3 a6 8.a4 Bg4 9.Be2
Bg7 10.O-O O-O 11.h3 Bxf3 12.Bxf3 Nbd7 13.Bf4 Qe7 14.Qc2 Rfe8 15.Rae1 Rac8
16.Qb3 Rc7 17.Be2 Ne5 18.Bg3 c4 19.Qc2 Ned7 20.Kh2 Rcc8 21.Rg1 Nf8 22.f4 N6d7
23.Bf3 Nc5 24.Be2 Ncd7 25.Bf3 h5 26.Bf2 Nc5 27.Be3 Nd3 28.Ref1 Nd7 29.g4 h4
30.g5 N7c5 31.Rg4 b5 32.axb5 axb5 33.Nxb5 Nxe4 34.Bd4 Ng3 35.Rg1 Ne1 36.Qf2
Nxf3+ 37.Qxf3 Qe2+ 38.Qxe2 Rxe2+ 39.Rg2 Rxg2+ 40.Kxg2 Nf5 41.Bxg7 Kxg7 42.Kf3
Rb8 43.Nc3 Rxb2 44.Ne2 Rb3+ 45.Kf2 Rxh3 46.Rg1 Rd3 47.Rc1 Ne3 48.Ng1 Ng4+
49.Ke2 h3 50.Nxh3 Rxh3 51.Rxc4 Re3+ 52.Kd2 Ra3 {#R} 0-1

[Event "Ch Finland (team) 2000/01 (I Division)"]
[Site "masterchessopen.com - Finland"]
[Round "7"]
[White "Uimonen Matti (FIN)"]
[Black "Kauko Jussi (FIN)"]
[Result "1/2-1/2"]
[WhiteElo "2130"]
[BlackElo "2261"]

1.d4 Nf6 2.c4 c5 3.d5 e6 4.Nc3 exd5 5.cxd5 d6 6.e4 g6 7.Be2 Bg7 8.Nf3 O-O
9.O-O a6 10.a4 Bg4 11.Re1 Re8 12.h3 Bxf3 13.Bxf3 Nbd7 14.Bf4 Qc7 15.Qc2 c4
16.Be2 Rac8 17.a5 Ne5 18.Bxe5 Rxe5 19.Ra4 Ree8 20.Bxc4 Nd7 21.Bd3 Bxc3 22.bxc3
Qxc3 23.Re2 Ne5 24.Rd2 Qxc2 25.Bxc2 Nc4 26.Re2 Rc5 27.Bb3 Nxa5 28.Ba2 Kf8
29.f4 f6 30.Rb2 Rec8 31.Rb6 Ke7 32.e5 fxe5 33.fxe5 dxe5 34.Re6+ Kd7 35.Rxe5
Rc1+ 36.Kh2 Nc4 37.Re6 Nd2 38.Kg3 R8c3+ 39.Kg4 R1c2 40.Rb4 Rxa2 41.Rxb7+ Rc7
42.Rbb6 Nc4 43.Rxa6 Rxg2+ 44.Kf4 Rd2 45.Rf6 Rxd5 46.Rf7+ Kc8 47.Ra8+ Kb7
48.Ra7+ Kxa7 49.Rxc7+ Kb6 50.Rxc4 Rh5 {#d} 1/2-1/2

[Event "Ch Germany (juniors) (team)"]
[Site "masterchessopen.com - Greifswald (Germany)"]
[Round "1"]
[White "Zollondz Mark (GER)"]
[Black "Saur Michael (GER)"]
[Result "0-1"]
[WhiteElo "1930"]
[BlackElo "2104"]

1.d4 e6 2.c4 c5 3.d5 exd5 4.cxd5 d6 5.Nc3 g6 6.Nf3 Bg7 7.e4 a6 8.a4 Bg4 9.Be2
Nf6 10.O-O O-O 11.Nd2 Bxe2 12.Qxe2 Nbd7 13.a5 Qc7 14.Nc4 b5 15.axb6 Nxb6
16.Nxd6 Qxd6 17.e5 Qe7 18.d6 Qe6 19.exf6 Qxe2 20.Nxe2 Bxf6 21.Rd1 Nc4 22.Nc3
Bd4 23.Ne2 Bxb2 24.Bxb2 Nxb2 25.Rd5 Rfd8 26.Nc3 Nc4 27.Ne4 a5 28.d7 Nb6 29.Rd6
Nc4 30.Rc6 Ne5 31.Rc7 c4 32.f4 Ng4 33.h3 Ne3 34.Nc5 Nd5 35.Rc6 Nb4 36.Rd6 Rab8
37.Rxa5 c3 38.Nd3 Nxd3 39.Rxd3 c2 {#R} 0-1

[Event "It (open)"]
[Site "masterchessopen.com - King's Island (USA)"]
[Round "1"]
[White "Wright William (USA)"]
[Black "Smith Bryan G (USA)"]
[Result "1/2-1/2"]
[WhiteElo "2172"]
[BlackElo "2312"]

1.d4 Nf6 2.c4 c5 3.d5 e6 4.Nc3 exd5 5.cxd5 d6 6.e4 g6 7.Nf3 Bg7 8.Be2 O-O
9.O-O a6 10.a4 Bg4 11.h3 Bxf3 12.Bxf3 Nbd7 13.Bf4 Qe7 14.Re1 Ne5 15.Be2 Nfd7
16.Qd2 c4 17.Bg5 Bf6 18.Bxf6 Qxf6 19.f4 Nd3 20.Bxd3 cxd3 21.Qe3 Rfe8 22.Rad1
Rac8 23.Rxd3 Rc4 24.Red1 Rb4 25.R1d2 Nc5 26.Rd4 a5 27.e5 dxe5 28.Rxb4 axb4
29.Qxc5 bxc3 30.Qxc3 Qxf4 31.d6 e4 32.d7 Rd8 33.Qc8 Qg5 34.Rc2 Kg7 35.Qxb7
Qe3+ 36.Kh2 Qf4+ 37.g3 Qf5 38.Re2 Rxd7 {#d} 1/2-1/2

[Event "It \"]
[Site "masterchessopen.com - Lausanne (Switzerland)"]
[Round "4"]
[White "Harikrishna P (IND)"]
[Black "Bu Xiangzhi (CHN)"]
[Result "1/2-1/2"]
[WhiteElo "2502"]
[BlackElo "2569"]

1.d4 Nf6 2.c4 c5 3.d5 e6 4.Nc3 exd5 5.cxd5 d6 6.e4 g6 7.Nf3 Bg7 8.Bb5+ Bd7
9.a4 O-O 10.O-O a6 11.Be2 Bg4 12.Nd2 Bxe2 13.Qxe2 Nbd7 14.a5 Qe7 15.Nc4 Ne5
16.Ne3 Ned7 17.Nc4 Ne5 18.Nb6 Rae8 19.Bg5 h6 20.Bh4 g5 21.Bg3 Nfd7 22.f4 gxf4
23.Rxf4 Ng6 24.Nxd7 Nxf4 25.Qg4 f5 26.Qxf4 Qxd7 27.Qxd6 Qxd6 28.Bxd6 Bd4+
29.Kh1 fxe4 30.Bxf8 Kxf8 31.g3 Re5 32.Re1 e3 33.Kg2 Ke7 34.Kf3 Kd6 35.Nd1 Rf5+
36.Ke4 Re5+ 37.Kf3 Rf5+ 38.Ke4 Re5+ {#d} 1/2-1/2

[Event "It (active)"]
[Site "masterchessopen.com - Mirabal (Spain)"]
[Round "7"]
[White "Anand Viswanathan (IND)"]
[Black "Hernandez Gilberto (MEX)"]
[Result "1-0"]
[WhiteElo "2770"]
[BlackElo "2547"]

1.d4 Nf6 2.c4 c5 3.d5 g6 4.Nc3 Bg7 5.e4 d6 6.Nf3 O-O 7.Be2 e6 8.O-O exd5
9.cxd5 a6 10.a4 Bg4 11.Nd2 Bxe2 12.Qxe2 Nbd7 13.Nc4 Nb6 14.Ne3 Re8 15.Qc2 Rb8
16.Bd2 Nbd7 17.a5 Nh5 18.Ra3 Qh4 19.g3 Qh3 20.Bc1 Bd4 21.Ne2 Ne5 22.f3 Re7
23.Qd1 Bxe3+ 24.Rxe3 Rbe8 25.g4 Nf6 26.Nf4 Qh6 27.Rc3 g5 28.Ng2 Ng6 29.Qd2 Re5
30.Ne3 Nf4 31.Rc2 Qh3 32.Qf2 h5 33.Nc4 hxg4 34.Nxe5 Rxe5 35.Qg3 Qh6 36.h4 Nh3+
37.Kh1 Qxh4 38.Qxh4 gxh4 39.Rh2 Kg7 40.fxg4 Ng5 41.Bf4 Ngxe4 42.Bxe5 dxe5
43.Rd1 Kf8 44.d6 Ke8 45.Kg1 Ng5 46.Rc2 Nfe4 47.d7+ Kd8 48.Kg2 h3+ 49.Kh2 Nf3+
50.Kxh3 Nd4 51.Rh2 Kxd7 52.Kg2 Ke6 53.Rh6+ f6 54.Re1 Kd5 55.Rxe4 Kxe4 56.Rxf6
{#r} 1-0

[Event "Ch Slovakia (team) 2001/02 (1 liga) West"]
[Site "masterchessopen.com - Slovakia"]
[Round "6"]
[White "Djubek Boris (SVK)"]
[Black "Janos Ivan (SVK)"]
[Result "1-0"]
[WhiteElo "2186"]
[BlackElo "2254"]

1.d4 Nf6 2.c4 c5 3.d5 e6 4.Nc3 exd5 5.cxd5 d6 6.e4 g6 7.Nf3 Bg7 8.Be2 O-O
9.O-O a6 10.a4 Bg4 11.Bf4 Re8 12.Qc2 Qc7 13.h3 Bxf3 14.Bxf3 Nbd7 15.Be2 Re7
16.Rfe1 Rae8 17.Bf1 Nh5 18.Bg5 f6 19.Bd2 g5 20.g3 Bh8 21.Be2 Ng7 22.a5 Rf8
23.Nd1 f5 24.Bxg5 Rxe4 25.Nc3 Ree8 26.Qd2 Ne5 27.Bf4 Qf7 28.Qd1 Qg6 29.Na4 Re7
30.Ra3 Ne8 31.Bh5 Qg7 32.Bxe5 Rxe5 33.Rxe5 dxe5 34.d6 Qf6 35.d7 Nc7 36.Nxc5
Qe7 37.Nxb7 Bf6 38.d8=Q Rxd8 39.Qxd8+ Qxd8 40.Nxd8 Bxd8 41.Rd3 {#r} 1-0

[Event "Ch Yugoslavia (juniors) (under 20)"]
[Site "masterchessopen.com - Tivat (Yugoslavia)"]
[Round "13"]
[White "Draganic Veljko (MNE)"]
[Black "Boskovic Drasko (SRB)"]
[Result "1/2-1/2"]
[WhiteElo "2160"]
[BlackElo "2343"]

1.d4 Nf6 2.c4 c5 3.d5 e6 4.Nc3 exd5 5.cxd5 d6 6.e4 g6 7.Nf3 Bg7 8.Be2 O-O
9.O-O a6 10.a4 Bg4 11.Nd2 Bxe2 12.Qxe2 Nbd7 13.Nc4 Nb6 14.Nxb6 Qxb6 15.a5 Qc7
16.Bg5 Rfe8 17.f3 Rab8 18.Kh1 Nd7 19.Ra4 Bd4 20.Nd1 b5 21.axb6 Nxb6 22.Rxa6
Nxd5 23.Qd2 Nb4 24.Ra3 d5 25.Nc3 dxe4 26.fxe4 Rb6 27.Qd1 Be5 28.h3 Rd6 29.Qa4
Rd7 30.Qb5 Kg7 31.Ra5 Bd4 32.Bf4 Qc6 33.Qc4 Qe6 34.Qb5 h6 35.Qe2 c4 36.Qd2 Bb6
37.Bxh6+ Kh7 38.Rd5 Nxd5 39.Nxd5 Bd8 40.Bg5 Kg7 41.Qc3+ Qe5 42.Nf6 Qxc3
43.Nxe8+ Kf8 44.bxc3 Bxg5 45.Nf6 Bxf6 46.Rxf6 Rd1+ 47.Kh2 Re1 48.Rf4 Re3 49.e5
Rxc3 50.e6 f5 51.g4 Ke7 52.gxf5 gxf5 53.Rxf5 Kxe6 54.Rc5 Kd6 55.Rc8 Kd5 56.h4
Re3 57.Kg2 Kd4 58.Rd8+ Kc3 59.h5 Re5 60.h6 Rh5 61.Rh8 Kc2 62.h7 c3 63.Kf2 Kc1
64.Rc8 {#d} 1/2-1/2

[Event "Ch Hungary (team) 2001/02"]
[Site "masterchessopen.com - Hungary"]
[Date "2001.11.18"]
[Round "3"]
[White "Horvath Julia (HUN)"]
[Black "Schneider Attila (HUN)"]
[Result "1/2-1/2"]
[WhiteElo "2285"]
[BlackElo "2331"]

1.d4 Nf6 2.c4 e6 3.Nc3 c5 4.d5 exd5 5.cxd5 d6 6.e4 g6 7.Be2 Bg7 8.Nf3 O-O
9.O-O a6 10.a4 Bg4 11.Nd2 Bxe2 12.Qxe2 Re8 13.Qd3 Qe7 14.h3 Nbd7 15.f4 c4
16.Qxc4 Rac8 17.Qe2 Nc5 18.Re1 Nh5 19.Qf3 Qh4 20.Rd1 f5 21.exf5 Bd4+ 22.Kh2
Re3 23.Qg4 Qxg4 24.hxg4 Nf6 25.Nf3 Rxc3 26.Nxd4 Nxg4+ 27.Kg1 Rc4 28.Rb1 Nxa4
29.fxg6 hxg6 30.f5 Kf7 31.fxg6+ Kxg6 32.b3 Nc3 33.bxc4 Nxd1 34.Bf4 Nc3 35.Rb6
Rxc4 36.Rxd6+ Kh5 37.g3 Rxd4 38.Rb6 a5 39.Rxb7 a4 40.Ra7 Rxd5 41.Kg2 Nf6
42.Ra6 Kg6 43.g4 Rd4 44.Kf3 Rd3+ 45.Kg2 Rd4 46.Kf3 Nd5 47.Be5 Rxg4 48.Bxf6
Rf4+ 49.Kg3 Kf5 50.Ba1 Rb4 51.Kf3 Rb3+ 52.Ke2 a3 53.Kd2 Nb4 54.Ra5+ Ke4
55.Re5+ Kf4 56.Ra5 a2 57.Bc3 Rb1 58.Ra8 Ke4 59.Ra5 Rh1 60.Re5+ Kf4 61.Re1 Rh2+
62.Re2 Rh3 63.Be5+ Kf5 64.Ba1 Rd3+ 65.Kc1 Rb3 66.Rb2 Rc3+ 67.Kd2 Rc4 68.Rb3
Ke6 69.Ra3 Rc2+ 70.Kd1 Rh2 71.Kc1 Kd5 72.Bf6 Rh1+ 73.Kd2 Kc4 74.Rc3+ Kb5
75.Ra3 Rh6 76.Be5 Rg6 77.Bh8 Rg2+ 78.Kd1 Nc2 79.Ra8 Ne3+ 80.Ke1 Nd5 81.Kf1 Rc2
82.Ke1 Nb6 83.Ra7 Rg2 84.Bd4 Na4 85.Kd1 Kb4 86.Kc1 Rh2 87.Be5 Kb3 88.Rb7+ Kc4
89.Ra7 Nc5 90.Bxh2 a1=Q+ 91.Rxa1 Nb3+ 92.Kb2 Nxa1 93.Kxa1 {#d} 1/2-1/2

[Event "It (cat.1)"]
[Site "masterchessopen.com - Budapest (Hungary)"]
[Round "11"]
[White "Farago Sandor (HUN)"]
[Black "Schneider Attila (HUN)"]
[Result "0-1"]
[WhiteElo "2334"]
[BlackElo "2302"]

1.d4 Nf6 2.c4 e6 3.Nf3 c5 4.d5 exd5 5.cxd5 d6 6.Nc3 g6 7.e4 a6 8.a4 Bg4 9.Be2
Bg7 10.O-O O-O 11.h3 Bxf3 12.Bxf3 Nbd7 13.Bf4 Qe7 14.Re1 Rfe8 15.Rb1 c4 16.b4
cxb3 17.Rxb3 Nc5 18.Rb1 Nfd7 19.Qd2 Rac8 20.Rec1 Ne5 21.Be2 Qd8 22.Be3 Qa5
23.f3 Rc7 24.Nd1 Qxa4 25.Rb4 Qa5 26.f4 Ned7 27.Nf2 b5 28.e5 dxe5 29.d6 Rcc8
30.fxe5 Rxe5 31.Nd3 Rd5 32.Qe1 Qd8 33.Nxc5 Nxc5 34.Bg4 Ne6 35.Bxe6 fxe6 36.Bf4
e5 37.Bg5 Rxc1 38.Qxc1 Qxd6 39.Qc8+ Bf8 40.Qe8 Qd7 41.Qa8 Rd1+ 42.Kh2 Qd5
43.Qe8 Qf7 44.Qc8 Qf5 45.Qc3 Rd3 {#R} 0-1

[Event "It (open) \"]
[Site "masterchessopen.com - Copenhagen (Denmark)"]
[Round "8"]
[White "Hovmoller Kristian (DEN)"]
[Black "El-Kher Henrik (DEN)"]
[Result "0-1"]
[WhiteElo "2287"]
[BlackElo "2390"]

1.d4 Nf6 2.c4 c5 3.d5 e6 4.Nc3 exd5 5.cxd5 d6 6.e4 g6 7.Be2 Bg7 8.Nf3 O-O
9.O-O a6 10.a4 Bg4 11.Nd2 Bxe2 12.Qxe2 Nbd7 13.Nc4 Nb6 14.Ne3 Re8 15.a5 Nc8
16.Nc4 b5 17.axb6 Nxb6 18.Bf4 Nbxd5 19.Nxd5 Nxd5 20.Bxd6 Bd4 21.Rfd1 Qh4 22.e5
Nf6 23.g3 Qh3 24.Qf1 Qxf1+ 25.Rxf1 Ng4 26.Rae1 h5 27.Re2 a5 28.Ra1 a4 29.h3
Nh6 30.Nb6 Ra6 31.Nd5 Rd8 32.Nf6+ Kg7 33.Ne4 Nf5 34.Nxc5 Raxd6 35.exd6 Bxc5
36.Rd2 Nxg3 37.Rxa4 Nf5 38.d7 Kf6 39.Rc4 Bd6 40.Rc6 Rxd7 41.Kf1 Rd8 42.Ra6 Ke7
43.Ra7+ Kf8 44.Ra6 Ke8 45.Rb6 Bc7 46.Rxd8+ Kxd8 47.Rb3 Be5 48.Rb7 Nd6 49.Rb4
Kd7 50.Ke2 Kc6 51.b3 Kc5 52.Ra4 Nb5 53.Kd3 Bc7 54.Re4 Bd6 55.Ra4 Nc7 56.Ra7 f6
57.Ke3 Be5 58.Rb7 Kc6 59.Ra7 Bd4+ {#R} 0-1

[Event "Bundesliga (2nd) North 2001/02"]
[Site "masterchessopen.com - Germany"]
[Round "6"]
[White "Meyer Malte (GER)"]
[Black "Mattick Lutz (GER)"]
[Result "0-1"]
[WhiteElo "2244"]
[BlackElo "2280"]

1.d4 Nf6 2.c4 e6 3.Nf3 c5 4.d5 exd5 5.cxd5 g6 6.Nc3 d6 7.e4 Bg7 8.Be2 O-O
9.O-O a6 10.a4 Bg4 11.h3 Bxf3 12.Bxf3 Nbd7 13.Bf4 Qe7 14.Re1 Ne5 15.Be2 Rac8
16.a5 Nfd7 17.Bh2 g5 18.Qc2 Ng6 19.Nd1 Bd4 20.Bg4 f5 21.Bh5 Nf4 22.Bxf4 gxf4
23.Nc3 Qh4 24.Qe2 Nf6 25.Bf3 Rce8 26.Qc2 Ng4 27.Rf1 Ne5 28.Kh2 Rf6 29.Qd1 Bxf2
30.exf5 Qg3+ 31.Kh1 Rh6 32.Rxf2 Qxf2 33.Ne4 Qe3 34.Ra3 Qd4 35.Nd2 Nxf3 36.Rxf3
Re3 37.Qc2 Re2 {#R} 0-1

[Event "Cup European Club (final)"]
[Site "masterchessopen.com - Halkidiki (Greece)"]
[Round "2"]
[White "Mehmeti Dritan (ALB)"]
[Black "Lahtinen Markku (FIN)"]
[Result "1-0"]
[WhiteElo "2301"]
[BlackElo "2289"]

1.d4 c5 2.d5 e6 3.c4 Nf6 4.Nc3 exd5 5.cxd5 d6 6.e4 g6 7.Nf3 Bg7 8.Be2 O-O
9.O-O a6 10.a4 Bg4 11.Nd2 Bxe2 12.Qxe2 Nbd7 13.Nc4 Nb6 14.Ne3 Re8 15.a5 Nc8
16.f3 Na7 17.Nc4 Rb8 18.Bf4 Nc8 19.Qd2 Nh5 20.Bg5 Qd7 21.g4 Nf6 22.Qf4 Qe7
23.Rfe1 h6 24.Bxh6 Nd7 25.Bxg7 Kxg7 26.Na4 f6 27.h4 Ne5 28.Nxe5 fxe5 29.Qg5
Na7 30.Nc3 Ra8 31.Qxe7+ Rxe7 32.Kg2 Nb5 33.Nxb5 axb5 34.b4 c4 35.Rec1 Ra6
36.Kf2 Re8 37.Kg3 Rf8 38.Rf1 Rf4 39.Kf2 Ra8 40.Ke3 Kh6 41.Ra3 Ra6 42.Ra2 Kg7
43.Ra3 Kh6 44.Raa1 Kg7 45.g5 Rxh4 46.Rh1 Rxh1 47.Rxh1 Ra8 48.Ra1 Kf7 49.f4
exf4+ 50.Kxf4 Ke7 51.Rh1 Rf8+ 52.Ke3 Rf7 53.Rh6 Rg7 54.Rh8 Kd7 55.a6 bxa6
56.Ra8 Rf7 57.Ra7+ Ke8 58.Rxa6 Rc7 59.Rxd6 c3 60.Rc6 {#r} 1-0

[Event "Cup Independence (open)"]
[Site "masterchessopen.com - Kiev (Ukraine)"]
[Round "2"]
[White "Lebed Petr (UKR)"]
[Black "Rodin Alexey (UKR)"]
[Result "1-0"]
[WhiteElo "2088"]
[BlackElo "1921"]

1.d4 Nf6 2.Nf3 e6 3.c4 c5 4.d5 exd5 5.cxd5 d6 6.Nc3 g6 7.e4 Bg7 8.Be2 O-O
9.O-O a6 10.a4 Bg4 11.Bg5 Nbd7 12.Qd2 Rc8 13.Bh6 Qe7 14.Rfe1 Rfe8 15.Bxg7 Kxg7
16.h3 Bxf3 17.Bxf3 c4 18.Re3 Nc5 19.Rae1 Qd7 20.e5 dxe5 21.Rxe5 Rxe5 22.Rxe5
Rd8 23.Qd4 Nd3 24.Re2 b5 25.axb5 axb5 26.Ne4 Qe7 27.Ng5 Qd6 28.g3 h6 29.Nxf7
Kxf7 30.Re6 Qxe6 31.dxe6+ Ke7 32.Qb6 Rd6 33.Qxb5 Rxe6 34.Qxc4 Ne5 35.Qc5+ Kf7
36.Bd5 Nxd5 37.Qxd5 Kf6 38.b4 Ke7 39.Qc5+ Kf7 40.b5 Nd7 41.Qc1 g5 42.f4 gxf4
43.Qxf4+ Ke7 44.g4 Rf6 45.Qb4+ Kf7 46.Kg2 Nb6 47.Qc5 Nd7 48.Qd5+ Ke7 49.h4 Rd6
50.Qe4+ Re6 51.Qb4+ Kf7 52.Kg3 Rf6 53.Qc4+ Ke7 54.g5 hxg5 55.hxg5 Re6 56.Kf4
Rb6 57.Kf5 Re6 58.Qxe6+ {#r} 1-0

[Event "Memorial C.Torre (open)"]
[Site "masterchessopen.com - Merida (Mexico)"]
[Round "3"]
[White "De Winter Willy (MEX)"]
[Black "Hernandez Gilberto (MEX)"]
[Result "0-1"]
[WhiteElo "2247"]
[BlackElo "2542"]

1.d4 Nf6 2.c4 c5 3.d5 g6 4.Nc3 Bg7 5.e4 d6 6.Nf3 O-O 7.Be2 e6 8.O-O exd5
9.cxd5 a6 10.a4 Bg4 11.Kh1 Bxf3 12.Bxf3 Nbd7 13.g3 Rb8 14.Bg2 b5 15.axb5 axb5
16.f4 Re8 17.e5 dxe5 18.d6 e4 19.Re1 c4 20.Nxe4 Nxe4 21.Rxe4 Rxe4 22.Bxe4 Nc5
23.Qd5 Nxe4 24.Qxe4 Qxd6 25.Kg2 Bxb2 26.Bxb2 Qd2+ 27.Kh3 Qxb2 28.Rb1 Qf6 29.g4
Qe6 30.Qf3 Rd8 31.Kh4 Rd3 32.Qa8+ Kg7 33.Qa1+ c3 34.Rb4 Qe7+ {#R} 0-1

[Event "Ch Moscow (1/2 final)"]
[Site "masterchessopen.com - Moscow (Russia)"]
[Round "10"]
[White "Akhmetov Artiom (RUS)"]
[Black "Gabrielian Artur (RUS)"]
[Result "1-0"]
[WhiteElo "2464"]
[BlackElo "2474"]

1.d4 Nf6 2.c4 c5 3.d5 d6 4.Nc3 g6 5.e4 Bg7 6.Be2 O-O 7.Nf3 e6 8.O-O exd5
9.cxd5 a6 10.a4 Bg4 11.Bf4 Bxf3 12.Bxf3 Qc7 13.Rb1 Nbd7 14.Qd2 Rfe8 15.Rfc1
Ne5 16.Be2 Qa5 17.b3 Qb4 18.f3 Rab8 19.Nd1 Qxd2 20.Bxd2 b5 21.axb5 axb5 22.b4
c4 23.Ra1 Nfd7 24.Ra6 f5 25.Rxd6 Nf6 26.Nc3 fxe4 27.fxe4 Nd3 28.Bxd3 cxd3
29.Re6 Rxe6 30.dxe6 Re8 31.e5 Ng4 32.Nxb5 Bxe5 33.h3 Nf6 34.Re1 Rxe6 35.Re3
Ne4 36.Rxe4 Bh2+ 37.Kxh2 Rxe4 38.Na3 Kf7 39.Kg3 Ke6 40.Kf3 Kd5 41.Nb5 Re7
42.Nc3+ Kd4 43.b5 Rf7+ 44.Kg3 Kc4 45.Ne4 Kd4 46.Nc3 Kc4 47.h4 h5 48.Be1 Kd4
49.Nd1 Kc4 50.b6 Kc5 51.Bf2+ Kc4 52.Be3 Rf5 53.Nb2+ Kc3 54.b7 Rb5 55.Bb6 Kxb2
56.b8=Q Kc2 57.Qc8+ Kd1 58.Qc4 {#r} 1-0

[Event "It (open) \"]
[Site "masterchessopen.com - St. Petersburg (Russia)"]
[Round "3"]
[White "Levin Evgeny A (RUS)"]
[Black "Ekdyshman Mikhail (RUS)"]
[Result "1/2-1/2"]
[WhiteElo "2170"]
[BlackElo "2283"]

1.d4 Nf6 2.c4 c5 3.d5 e6 4.Nc3 exd5 5.cxd5 d6 6.Nf3 g6 7.e4 Bg7 8.Be2 O-O
9.O-O a6 10.a4 Bg4 11.Nd2 Bxe2 12.Qxe2 Nbd7 13.Nc4 Nb6 14.Bf4 Nxc4 15.Qxc4 Re8
16.Rac1 Rb8 17.Qd3 b5 18.axb5 axb5 19.f3 Nh5 20.Bd2 Bd4+ 21.Kh1 b4 22.Nd1 Qh4
23.Be1 Qg5 24.Rc2 f5 25.Re2 fxe4 26.Rxe4 Qxd5 27.Ne3 Nf4 28.Qd2 Bxe3 29.Qxe3
Ne6 30.Bg3 Ng7 31.Re1 Rxe4 32.fxe4 Qe6 33.Qd3 Rd8 34.Rd1 Ne8 35.h3 Rd7 36.Qb5
Re7 37.Bh4 Rf7 38.Bg3 Kg7 39.e5 Nc7 40.Qd3 d5 41.Rc1 Na6 42.Qb5 Rc7 43.Ra1 Rc6
44.Qb7+ Kg8 45.Qa8+ Kg7 46.Bh4 Nc7 47.Bf6+ Kf7 48.Qh8 Qe8 49.Qxh7+ Ke6 50.Ra7
Qf7 51.Qh8 d4 52.Qc8+ Qd7 53.Qg8+ Qf7 54.Qc8+ {#d} 1/2-1/2

[Event "It (open)"]
[Site "masterchessopen.com - Zurich (Switzerland)"]
[Round "3"]
[White "Loetscher Roland (SUI)"]
[Black "Pavlovic Milos (SRB)"]
[Result "0-1"]
[WhiteElo "2367"]
[BlackElo "2560"]

{ } 1.d4 Nf6 2.c4 g6 3.Nc3 Bg7 4.e4 d6 5.Nf3 O-O 6.Be2 c5 7.d5 e6 8.O-O exd5
9.cxd5 ( 9.exd5 Bf5 10.Bf4 Ne4 11.Nxe4 Bxe4 12.Nd2 Bf5 { +0,36 CAP } ) 9...a6
10.a4 Bg4 11.Bf4 Bxf3 12.Bxf3 Qe7 13.Re1 Nbd7 { = } 14.Qc2 ( 14.a5 h5 15.Na4
Nh7 16.Bd2 Ng5 17.g3 Nxf3+ { 1/2-1/2, Beliavsky Alexander G(2630) - Psakhis
Lev(2575), Minsk 1987 Ch URS } ) ( 14.Bg5 Rfe8 15.Qd2 Ne5 16.Be2 Qd8 17.a5 b6
18.axb6 Qxb6 19.f3 { +0,98 CAP } ) 14...Rfe8 ( 14...Ne8 15.g3 Nc7 16.a5 Nb5
17.Nxb5 axb5 18.Qb3 b4 19.Bg4 Ne5 20.Be2 Qc7 21.Bxe5 Bxe5 22.a6 Bd4 23.axb7
Rxa1 24.Rxa1 { ...0-1, Dubinka Inna(2325) - Volzhin Alexander(2530), Minsk
1998 It (open) } ) 15.a5 { +0,30 CAP } ( 15.h3 h6 16.Rad1 Ne5 17.Be2 Rac8
18.Bh2 g5 19.Rd2 Ng6 20.Bc4 Rcd8 21.Re3 Qd7 22.Rd1 Re7 23.e5 Nxe5 24.Bxe5 Rxe5
{ ...1/2-1/2, Akopian Vladimir(2630) - DeFirmian Nick E(2565), USA 1994 It
(open) } ) ( 15.Be2 Rac8 16.Rad1 h5 17.Bg5 Qf8 18.Bc4 Nh7 19.Bc1 Re7 20.f4
Bd4+ 21.Kh1 Nhf6 22.e5 Ng4 23.Re2 Qg7 24.e6 Nb6 { ...0-1, Poulton James(2330)
- Emms John M(2455), London 1993 It (open) "Lloyds Bank" } ) 15...h5 { N } (
15...Rac8 16.h3 ( 16.Ra4 h5 17.h3 Ne5 18.Be2 Nfd7 19.Qd2 c4 20.Rb4 Nc5 21.Bxe5
Bxe5 22.Bxc4 Qd8 23.Ra1 Bxc3 24.Qxc3 Rxe4 25.f3 { ...1/2-1/2, Garcia
Raimundo(2368) - Robledo Nestor Daniel(2321), Argentina 2000 Ch Argentina
(team) } ) 16...h5 17.Ra4 Nh7 18.Be2 Rc7 19.Bf1 Ne5 20.Bd2 g5 21.Nd1 g4 22.Ne3
Qf6 23.Nf5 Ng5 24.Ra3 Qg6 25.Kh1 { ...1-0, Sorin Ariel(2485) - Rosito
Jorge(2420), General Pico City 1996 It (open) "Clarin" } ) ( 15...Rab8 16.Ra4
b5 17.axb6 Nxb6 18.Rxa6 Nfxd5 19.Nxd5 Nxd5 20.Bxd6 Nb4 21.Qa4 Qe6 22.Bxb8 Nxa6
23.Bg4 f5 24.Be2 Kh8 25.Bc4 { ...1-0, Baburin Alexander(2515) - Isaksen
Brian(2245), Copenhagen 1994 It (open) } ) 16.h4 { ? -0,14 } ( 16.Qd2 { ! !? }
16...Ng4 17.h3 Nge5 18.Be2 { +0,62 } ) 16...Rab8 { ?! +0,34 } ( 16...Ng4 { !?
} 17.Bg5 Bf6 18.Qc1 Qe5 { -0,14 } ) 17.g3 { +0,16 } ( 17.Bg5 { !? } 17...Ne5
18.Be2 Qc7 19.f3 { +0,34 } ) 17...Nh7 { ?! +0,50 } ( 17...Ng4 { !? } 18.Bxg4
hxg4 19.Qe2 Ne5 { +0,16 } ) 18.Bg2 Bd4 { +0,62 } ( 18...Ne5 { !? } 19.Na4 Nf6
20.f3 Nfd7 { +0,50 } ) 19.Ne2 Be5 20.Bd2 b5 21.axb6 Rxb6 22.Bc3 Reb8 23.f4 { ?
+0,13 } ( 23.Ra2 { ! !? } 23...Nhf6 24.Rea1 Bxc3 25.bxc3 { +0,66 } ) 23...Bxc3
24.bxc3 Nhf6 25.Reb1 { ? -0,55 } ( 25.Qd3 { ! !? } 25...Ng4 26.Nc1 Ndf6 27.Re2
{ +0,13 } ) 25...Ng4 { ?! -0,08 } ( 25...Rxb1+ { !? } 26.Rxb1 Rxb1+ 27.Qxb1
Nxd5 { -0,55 } ) 26.Rxb6 Rxb6 27.Qd3 { ? -0,81 } ( 27.Bf3 { ! !? } 27...Ndf6
28.c4 Qb7 29.Nc3 { -0,08 } ) 27...Ndf6 28.c4 Qb7 29.Nc1 { -1,07 } ( 29.Nc3 {
!? } 29...Rb3 30.Bf3 Qb4 31.Rc1 { -0,81 } ) 29...Rb2 30.Qc3 Rb1 31.e5 { ?
-2,26 } ( 31.Ra4 { ! } 31...Qb2 32.Qxb2 Rxb2 33.Ra1 { -1,07 } ) 31...Rxa1
32.Qxa1 Qb4 33.Na2 { ?? -6,01 } ( 33.Nd3 { !? } 33...Qxc4 34.Nf2 Nxf2 35.exf6
{ -2,26 } ) 33...Qa3 { ?? -1,33 } ( 33...Qd2 { ! } 34.exf6 { -6,01 } ) 34.Qc1
{ ?? -5,01 } ( 34.Qe1 { !? ! } 34...Qxa2 35.exf6 Nxf6 36.f5 { -1,33 } )
34...Qxa2 35.exf6 Nxf6 36.Qf1 Qc2 { ? -2,51 } ( 36...Ng4 { ! } 37.Qe1 Qxc4
38.Kh1 Qb3 { -4,01 } ) {#R} 0-1

[Event "Ch Hungary (team) 2002/03 (2 liga)"]
[Site "masterchessopen.com - Hungary"]
[Date "2002.12.08"]
[Round "4"]
[White "Biro David (HUN)"]
[Black "Suto Gabor (HUN)"]
[Result "0-1"]
[WhiteElo "2187"]
[BlackElo "2324"]

1.d4 Nf6 2.c4 c5 3.d5 g6 4.Nc3 Bg7 5.e4 O-O 6.Nf3 d6 7.Be2 e6 8.O-O exd5
9.cxd5 a6 10.a4 Bg4 11.Bf4 Nh5 12.Be3 Nd7 13.h3 Bxf3 14.Bxf3 Nhf6 15.a5 Re8
16.Qb1 b5 17.axb6 Qxb6 18.Qc2 Reb8 19.Ra2 Ne8 20.Be2 Nc7 21.Qa4 Rd8 22.Rfa1
Bd4 23.Nd1 Nf6 24.Bd3 Re8 25.Qc2 Nb5 26.Bxb5 Qxb5 27.Nc3 Qb7 28.Qd3 Bxe3
29.Qxe3 Kg7 30.Qf4 Qb6 31.Na4 Qb4 32.Nc3 Red8 33.f3 Qd4+ 34.Kh1 Nh5 35.Qh4
Rdb8 36.Kh2 Qe5+ 37.g3 Qd4 38.Rf1 Qd2+ 39.Kg1 Rxb2 40.Rxb2 Qxb2 41.Nd1 Qd2
42.Nf2 c4 43.Rd1 Qe3 44.Kg2 Rb8 {#R} 0-1

[Event "It (open)"]
[Site "masterchessopen.com - Arco (Italy)"]
[Round "1"]
[White "Zucchelli Massimo (ITA)"]
[Black "Weiland Guenter (GER)"]
[Result "1-0"]
[WhiteElo "2168"]
[BlackElo "1975"]

1.d4 Nf6 2.c4 c5 3.d5 e6 4.Nc3 exd5 5.cxd5 d6 6.e4 g6 7.Nf3 Bg7 8.Be2 O-O
9.O-O a6 10.a4 Bg4 11.Bf4 Qc7 12.Nd2 Bxe2 13.Qxe2 Nh5 14.Bg5 h6 15.Be3 Nd7
16.g4 Nhf6 17.h3 Rac8 18.Nc4 Nb6 19.Nxb6 Qxb6 20.a5 Qc7 21.Ra4 Nd7 22.Bf4 Ne5
23.Nd1 Qd7 24.b3 Qb5 25.Qa2 Rfe8 26.Bxe5 Bxe5 27.Qc2 Qd7 28.Kg2 Qe7 29.f3 Qh4
30.Qf2 Qxf2+ 31.Rxf2 {#r} 1-0